000 00669nam a22002297a 4500
005 20250602163329.0
008 250514b |||||||| |||| 00| 0 eng d
037 _cTB
040 _alCT
_clCT
084 _aZ,91 Q4
100 _aAgarwal, Nomita
_9784377
245 _aJurisprudence & Legal Theory/
250 _a10th ed.
260 _aPrayagraj (Allahabad), India:
_bCentral Law Agency,
_c2014
300 _axx, 412p.
650 _aLaw
_9784378
650 _a Jurisprudence
_9754938
650 _aHuman Rights
_9784379
650 _2Administration of Justice
650 _aLegal Theory
_9784380
942 _2CC
_cTB
_hZ,91 Q4
_n0
999 _c1400872
_d1400872